Law relating to human rights : (Record no. 77421)

MARC details
000 -LEADER
fixed length control field 00641nam a22001817a 4500
005 - DATE AND TIME OF LATEST TRANSACTION
control field 20131011121854.0
010 ## - LCCN (DPL NO)
LC control number ENG-107960
020 ## - INTERNATIONAL STANDARD BOOK NUMBER
Terms of availability 1525.00
International Standard Book Number 9789350352731
035 ## - SYSTEM CONTROL NUMBER
System control number EN-91493
037 ## - SOURCE OF ACQUISITION
Source of stock number/acquisition DBAD/PUB
082 ## - DEWEY DECIMAL CLASSIFICATION NUMBER
Classification number 341.48
100 ## - MAIN ENTRY--PERSONAL NAME
Personal name Bhansali, S.R.
245 00 - TITLE STATEMENT
Title Law relating to human rights :
Statement of responsibility, etc by S.R. Bhansali
Remainder of title in international and national laws and Cconstitutions /
260 ## - PUBLICATION, DISTRIBUTION, ETC. (IMPRINT)
Place of publication, distribution, etc Delhi
Name of publisher, distributor, etc Universal Law Publishing
Date of publication, distribution, etc 2013
270 ## - ADDRESS
Address C-FF-1A, Dilkhus Industrial Estate, (Near Azadpur Metro Station) G.T. Karnal Road,
City Delhi
Postal code 110033
300 ## - PHYSICAL DESCRIPTION
Extent lxiv,1415p.
Dimensions 26cm(Hb)
942 ## - ADDED ENTRY ELEMENTS (KOHA)
Source of classification or shelving scheme Dewey Decimal Classification
Item type English Books
Call number suffix BHA
Classification part 341.48
Holdings
Withdrawn status Lost status Not for loan Collection code Home library Current library Date acquired Source of acquisition Cost, normal purchase price Full call number Barcode Copy number Cost, replacement price Koha item type
    Not For Loan Non-fiction D.B.Act.Division D.B.Act.Division 12/07/2013 DBAD/PUB 1525.00 341.48 BHA EN-91493 1 1525.00 English Books

© Delhi Public Library
Hit Counter
free hit counter